<?xml version="1.0" encoding="UTF-8"?>
<marc:record xmlns:marc="http://www.loc.gov/MARC21/slim">
   <marc:leader>00000nam a2200000 a 4500</marc:leader>
   <marc:datafield ind1="1" ind2=" " tag="100">
      <marc:subfield code="a">Frey, Jana</marc:subfield>
      <marc:subfield code="4">aut</marc:subfield>
      <marc:subfield code="e">Verfasser/-in</marc:subfield>
   </marc:datafield>
   <marc:datafield ind1="1" ind2=" " tag="100">
      <marc:subfield code="a">Stubner, Angelika</marc:subfield>
      <marc:subfield code="4">aut</marc:subfield>
      <marc:subfield code="e">Verfasser/-in</marc:subfield>
   </marc:datafield>
   <marc:datafield ind1="1" ind2=" " tag="100">
      <marc:subfield code="a">Kraushaar, Sabine</marc:subfield>
   </marc:datafield>
   <marc:datafield ind1="1" ind2=" " tag="100">
      <marc:subfield code="a">Braun, Anne</marc:subfield>
   </marc:datafield>
   <marc:datafield ind1="0" ind2="0" tag="245">
      <marc:subfield code="a">Hundegeschichten</marc:subfield>
   </marc:datafield>
   <marc:datafield ind1="0" ind2="0" tag="245">
      <marc:subfield code="c">Frey, Jana</marc:subfield>
   </marc:datafield>
   <marc:datafield ind1=" " ind2="1" tag="264">
      <marc:subfield code="a">Bindlach</marc:subfield>
      <marc:subfield code="b">Loewe</marc:subfield>
      <marc:subfield code="c">2005</marc:subfield>
   </marc:datafield>
   <marc:datafield ind1="1" ind2=" " tag="490">
      <marc:subfield code="a">Lesetiger</marc:subfield>
   </marc:datafield>
   <marc:datafield ind1="1" ind2=" " tag="520">
      <marc:subfield code="a">"Wende-Doppelband" zu zehn Jahre Leseleiter. (ab 6) (JE)      Zehn Jahre stehen zur Befeierung: Zehn Jahre Leseleiter, eines jener marketingtechnisch ausgeklügelten Lesestufenkonzepte, mit dessen Hilfe dem lesen lernenden Kind (oder auch dem ob dieser Tatsache verunsicherten Erwachsenen) das exakt richtige Buch für den jeweiligen Leselernstatus zur Verfügung gestellt werden soll. Für "Lesetiger" und "Lesespatzen" werden nun jeweils gemeinsam Geschichten in einem sogenannten "Wendeband" angeboten: Der Raubtierhunger wird mit Hilfe mehrerer kleiner Bildgeschichte zu einem Thema gestillt, die Vögelchen knabbern, von der anderen (Buch-)Seite kommend, an einer durchgehenden Bildgeschichten zu einer themenverwandten Begebenheit.  Dieser Art finden sich die gängigen Themen des Lesealters zu kleinen Geschichten naturgemäß unterschiedlicher Qualität zusammen und treffen in der Mitte der Bände jeweils auf ein kreisförmig angeordnetes Leserätsel, mit dessen Hilfe die Texterfassung überprüft werden kann/soll. Gleichzeitig hat man - schwups - das Buch auch schon umgedreht und kann wieder von vorne beginnen. Breit einsetzbar für ErstleserInnen.  *bn* Heidi Lexe</marc:subfield>
   </marc:datafield>
   <marc:datafield ind1=" " ind2=" " tag="020">
      <marc:subfield code="a">9783785554289</marc:subfield>
      <marc:subfield code="9">9783785554289</marc:subfield>
   </marc:datafield>
   <marc:datafield ind1=" " ind2=" " tag="020">
      <marc:subfield code="a">3785554281</marc:subfield>
      <marc:subfield code="9">3785554281</marc:subfield>
   </marc:datafield>
   <marc:datafield ind1=" " ind2=" " tag="041">
      <marc:subfield code="a">ger</marc:subfield>
   </marc:datafield>
   <marc:datafield ind1=" " ind2=" " tag="338">
      <marc:subfield code="a">Band</marc:subfield>
   </marc:datafield>
   <marc:datafield ind1=" " ind2=" " tag="300">
      <marc:subfield code="a">41, 36 S. : zahlr. I</marc:subfield>
   </marc:datafield>
</marc:record>
